A TEXTBOOK OF PHARMACOLOGY (Record no. 6376)

MARC details
000 -LEADER
fixed length control field 00415nam a22001817a 4500
005 - DATE AND TIME OF LATEST TRANSACTION
control field 20210825133017.0
008 - FIXED-LENGTH DATA ELEMENTS--GENERAL INFORMATION
fixed length control field 200521b xxu||||| |||| 00| 0 eng d
020 ## - INTERNATIONAL STANDARD BOOK NUMBER
ISBN 9788174731777
041 ## - LANGUAGE CODE
Language code of text/sound track or separate title eng
082 ## - DEWEY DECIMAL CLASSIFICATION NUMBER
Classification number 614 NEG
100 ## - MAIN ENTRY--AUTHOR NAME
Personal name KUMAR,N
245 ## - TITLE STATEMENT
Title A TEXTBOOK OF PHARMACOLOGY
250 ## - EDITION STATEMENT
Edition statement 3'rd
260 ## - PUBLICATION, DISTRIBUTION, ETC. (IMPRINT)
Place of publication Delhi
Name of publisher AITBS PUBLISHERS
300 ## - PHYSICAL DESCRIPTION
Number of Pages 317p.
650 ## - SUBJECT ADDED ENTRY--TOPICAL TERM
Topical Term Pharmacy
942 ## - ADDED ENTRY ELEMENTS (KOHA)
Koha item type Books
Holdings
Lost status Damaged status Collection code Home library Current library Shelving location Date acquired Source of acquisition Cost, normal purchase price Full call number Accession Number Koha item type
    PHARMACY JRU Library JRU Library Shelf - 21- C 02/06/2020 PURCHASE 255.00 614 NEG 24170 Books